00539 2200205 4500001002100000005001500021035002000036007000300056008004100059082001100100084001700111100004800128245003100176250001100207260004400218300002100262600003100283856000800314990001100322INLIS00000000000004620260113092302 a0010-0126000039ta260113 0  a297.01 a297.01 IBN k0 aIBNU QAYYIM&IBNU RAJAB&abu hamid al-ghazali1 aKIAT MENJADI HAMBA PILIHAN aketiga ajakarta Selatan :bPUSTAKA AZZAM,c2003 a174 hlm ;c24 cm 4aKIAT MENJADI HAMBA PILIHAN a200 a000488